Parallel programming using C++

Αποθηκεύτηκε σε:
Λεπτομέρειες βιβλιογραφικής εγγραφής
Άλλοι συγγραφείς: Wilson, Greg, 1963- (Επιμελητής έκδοσης), Lu, Paul (Επιμελητής έκδοσης)
Μορφή: Βιβλίο
Γλώσσα:English
Δημοσίευση: Cambridge, Mass : MIT Press, c1996.
Σειρά:Scientific and engineering computation
Θέματα:
Ετικέτες: Προσθήκη ετικέτας
Δεν υπάρχουν, Καταχωρήστε ετικέτα πρώτοι!

MARC

LEADER 00000cam a2200000 i 4500
001 1/20149
008 010710s1996 mau ||| | eng||
020 |a 0262731185 
035 |l 10067076 
040 |a GR-MyUA  |b gre  |e AACR2 
041 0 |a eng 
082 0 |a 005.2  
245 1 0 |a Parallel programming using C++ /   |c edited by Gregory V. Wilson and Paul Lu ; [foreword by Bjarne Stroustrup].  
260 |a Cambridge, Mass :   |b MIT Press,   |c c1996.  
300 |a xxxiv, 758 σ. :   |b εικ. ;   |c 23 εκ.  
490 1 |a (Scientific and engineering computation)  
504 |a Περιέχει βιβλιογραφικές αναφορές (σ. [709]-736) και ευρετήριο.  
650 0 0 |a C++ (Computer program language) 
650 0 0 |a Parallel programming (Computer science) 
700 1 |a Wilson, Greg,   |d 1963-  |e edt 
700 1 |a Lu, Paul,  |e edt 
830 0 |a Scientific and engineering computation 
852 |a INST  |b SAMOS  |e 20010710  |h 005.2 PAR  |p 005300020643  |q 005300020643  |t BK  |y 0 
901 |a BIBL3-2001-2 
909 |a Σ  |b 087060 
922 |a 3ΕΛΗ  |b 200002  |c ΤΠΕΣ/ΠΟΛ  |d LEADER 
970 |a ΜΑΛΑΓΑΡΗ  |b ΦΩΤΕΙΝΗ  |z 2001/07/10